| 000 | 00651pam a2200229 a 4500 | ||
|---|---|---|---|
| 001 | 2909906 | ||
| 005 | 20180130035006.0 | ||
| 008 | 880523s1989 paua b 001 0 eng c | ||
| 010 | _a 88012887 | ||
| 020 | _a0397508360 | ||
| 040 |
_aDNLM/DLC _cDLC _dDLC |
||
| 041 | _aeng | ||
| 060 | _aWO 200 C6398 | ||
| 080 | _a617.96 BAR | ||
| 082 | 0 | 0 |
_a617.96 BAR _219 |
| 100 | _a6 | ||
| 101 | _aANE | ||
| 245 | 0 | 0 |
_aClinical anesthesia / _cedited by Paul G. Barash, Bruce F. Cullen, Robert K. Stoelting ; with 86 contributors. |
| 504 | _aIncludes bibliographies and index. | ||
| 906 |
_a7 _bcbc _corignew _d1 _eocip _f19 _gy-gencatlg |
||
| 942 |
_2ddc _cBK |
||
| 999 |
_c41231 _d41231 |
||